[Event "Santa Rosa op"]
[Site "Santa Rosa"]
[Date "2022.07.08"]
[Round "2"]
[White "Rautenberg, Raul"]
[Black "Nicosia, Mariano"]
[Result "1-0"]
[WhiteElo "1653"]
[BlackElo "1347"]
[PlyCount "68"]
[EventDate "2022.07.08"]
[EventType "swiss"]
[EventRounds "7"]
[EventCountry "ARG"]
[SourceTitle "CBM 209 Extra"]
[Source "ChessBase"]
[SourceDate "2022.09.30"]
[SourceVersion "1"]
[SourceVersionDate "2022.09.30"]
[SourceQuality "1"]

1. d4 d5 2. e3 Nc6 3. f4 Nf6 4. Bd3 Bg4 5. Nf3 e6 6. Nbd2 Nb4 7. Qe2 Nxd3+ 8. Qxd3 b6 9. 0-0 c5 10. c3 cxd4 11. exd4 Rc8 12. Re1 Bd6 13. f5 0-0 14. fxe6 fxe6 15. Ne5 Bf5 16. Qe2 Ne4 17. Ndf3 Be7 18. g4 Bg6 19. Nxg6 hxg6 20. Be3 Bd6 21. Nd2 Qh4 22. Nxe4 dxe4 23. Rf1 g5 24. Qg2 Rf3 25. Bf2 Qh6 26. Rae1 Bxh2+ 27. Qxh2 Rh3 28. Qg2 Rf8 29. Qxe4 Rf4 30. Qg2 Rxg4 31. Qxg4 Rh1+ 32. Kg2 Rh2+ 33. Kf3 e5 34. Rxe5 Qf6+ 1-0

[Event "La Pampa op"]
[Site "La Pampa"]
[Date "2022.03.06"]
[Round "6"]
[White "Nicosia, Mariano"]
[Black "Ruiz, Pablo Horacio"]
[Result "0-1"]
[WhiteElo "1358"]
[BlackElo "1603"]
[PlyCount "90"]
[EventDate "2022.03.04"]
[EventType "swiss"]
[EventRounds "7"]
[EventCountry "ARG"]
[SourceTitle "CBM 207 Extra"]
[Source "ChessBase"]
[SourceDate "2022.05.31"]
[SourceVersion "1"]
[SourceVersionDate "2022.05.31"]
[SourceQuality "1"]

1. e4 e5 2. Nf3 Nc6 3. Bb5 a6 4. Bxc6 dxc6 5. d3 f6 6. 0-0 Bg4 7. h3 Bh5 8. g4 Bf7 9. Nh2 Qd7 10. a4 0-0-0 11. f4 Bc5+ 12. Kh1 h5 13. g5 exf4 14. Bxf4 Qxh3 15. Rf3 Qd7 16. c3 Be6 17. Rf1 Bg4 18. Qc2 Qxd3 19. Qxd3 Rxd3 20. b4 Be3 21. Kg2 Bxf4 22. Rxf4 Be6 23. Nf3 h4 24. Nbd2 h3+ 25. Kh2 Rxc3 26. e5 Bd5 27. exf6 gxf6 28. Re1 b6 29. gxf6 Nh6 30. Kxh3 Nf7+ 31. Kg4 c5 32. bxc5 Rxc5 33. Kg3 Kb7 34. Ne4 Rg8+ 35. Kf2 Rc2+ 36. Ke3 Ra2 37. Rd1 Bc6 38. Rd4 Re8 39. Nfd2 Bxa4 40. Kf2 Bc6 41. Nc3 Rc2 42. Nce4 Bxe4 43. Rfxe4 Rxe4 44. Rxe4 Rxd2+ 45. Ke1 Rd6 0-1

[Event "La Pampa op"]
[Site "La Pampa"]
[Date "2022.03.06"]
[Round "7"]
[White "Nicosia, Mariano"]
[Black "Zito, Alberto"]
[Result "0-1"]
[WhiteElo "1358"]
[BlackElo "1579"]
[PlyCount "38"]
[EventDate "2022.03.04"]
[EventType "swiss"]
[EventRounds "7"]
[EventCountry "ARG"]
[SourceTitle "CBM 207 Extra"]
[Source "ChessBase"]
[SourceDate "2022.05.31"]
[SourceVersion "1"]
[SourceVersionDate "2022.05.31"]
[SourceQuality "1"]

1. e4 c5 2. Nf3 e6 3. d4 cxd4 4. Nxd4 Nf6 5. Bg5 Qa5+ 6. Bd2 Qe5 7. Bc3 Qxe4+ 8. Qe2 Qxe2+ 9. Bxe2 h6 10. 0-0 Nc6 11. Nf3 Be7 12. Bxf6 Bxf6 13. c3 0-0 14. h3 d5 15. a4 Ne5 16. Nh2 Nc4 17. b3 Na5 18. Nd2 Bxc3 19. Rab1 Bxd2 0-1

[Event "General Pico 113 Anniv sf U1700/2300"]
[Site "General Pico"]
[Date "2018.11.02"]
[Round "1.6"]
[White "Nicosia, Mariano"]
[Black "Campos, Jose Felix"]
[Result "0-1"]
[WhiteElo "1431"]
[BlackElo "2163"]
[PlyCount "40"]
[EventDate "2018.11.02"]
[EventType "swiss"]
[EventRounds "6"]
[EventCountry "ARG"]
[SourceTitle "EXT 2024"]
[Source "ChessBase"]
[SourceDate "2023.10.10"]
[SourceVersion "1"]
[SourceVersionDate "2023.10.10"]
[SourceQuality "1"]

1. e4 e5 2. Nf3 Nc6 3. d4 exd4 4. Nxd4 g6 5. Nxc6 bxc6 6. Bc4 Bg7 7. 0-0 Ne7 8. c3 d5 9. Bb3 h6 10. f4 0-0 11. e5 Nf5 12. g4 Nh4 13. Bc2 f6 14. exf6 Qxf6 15. g5 hxg5 16. fxg5 Qe6 17. Rxf8+ Bxf8 18. c4 Bc5+ 19. Kh1 Qh3 20. Qe2 Bg4 0-1

[Event "Santa Rosa La Pampa op 2nd"]
[Site "Santa Rosa"]
[Date "2015.07.11"]
[Round "5"]
[White "Nicosia, Mariano"]
[Black "Tarancon, Hugo Cesar Manuel"]
[Result "1-0"]
[WhiteElo "1521"]
[BlackElo "1598"]
[PlyCount "101"]
[EventDate "2015.07.09"]
[EventType "swiss"]
[EventRounds "6"]
[EventCountry "ARG"]
[SourceTitle "CBM 167 Extra"]
[Source "ChessBase"]
[SourceDate "2015.09.14"]
[SourceVersion "1"]
[SourceVersionDate "2015.09.14"]
[SourceQuality "1"]

1. d4 c5 2. c3 e6 3. Nf3 Nc6 4. e4 b6 5. Bc4 d5 6. exd5 exd5 7. Bb5 Bd7 8. 0-0 Nf6 9. Bg5 Be7 10. Re1 0-0 11. Bxf6 Bxf6 12. dxc5 a6 13. Bxc6 Bxc6 14. cxb6 Qxb6 15. b3 d4 16. Qd3 Rad8 17. c4 Bxf3 18. gxf3 Qa5 19. Nd2 Qc3 20. Qe2 d3 21. Qe3 Bd4 22. Qf4 Qa5 23. Rad1 Qxa2 24. Ne4 Qxb3 25. c5 Qa4 26. Kg2 Bxc5 27. Nf6+ gxf6 28. Qxa4 Kh8 29. Re4 f5 30. Qa1+ f6 31. Kf1 fxe4 32. fxe4 Bd6 33. Rxd3 Be5 34. Qd1 Rb8 35. Rb3 Rbc8 36. Rb7 Rfd8 37. Rd7 Rxd7 38. Qxd7 Rc1+ 39. Kg2 Ra1 40. Qf7 h6 41. Qg6 a5 42. Qxh6+ Kg8 43. f4 Bd4 44. Kf3 a4 45. Qg6+ Kf8 46. e5 fxe5 47. Qd6+ Kf7 48. fxe5 Bb2 49. e6+ Kg7 50. e7 Re1 51. Qg3+ 1-0

[Event "American Continental 08th"]
[Site "Mar del Plata"]
[Date "2012.10.14"]
[Round "3"]
[White "Nicosia, Mariano"]
[Black "Brizzi, Victor Emmanuel"]
[Result "0-1"]
[WhiteElo "1562"]
[BlackElo "1930"]
[PlyCount "28"]
[EventDate "2012.10.12"]
[EventType "swiss"]
[EventRounds "11"]
[EventCountry "ARG"]
[SourceTitle "EXT 2013"]
[Source "ChessBase"]
[SourceDate "2012.11.22"]
[SourceVersion "1"]
[SourceVersionDate "2012.11.22"]
[SourceQuality "1"]

1. e4 c5 2. Nf3 e6 3. Nc3 d6 4. Be2 Nf6 5. d3 Be7 6. Bg5 Nc6 7. a3 a6 8. 0-0 b5 9. d4 cxd4 10. Nxd4 Bb7 11. b4 Qc7 12. f4 Qb6 13. Bxf6 Bxf6 14. Kh1 Qxd4 0-1

[Event "American Continental 08th"]
[Site "Mar del Plata"]
[Date "2012.10.14"]
[Round "4"]
[White "Saitta, Jorge"]
[Black "Nicosia, Mariano"]
[Result "1-0"]
[WhiteElo "1847"]
[BlackElo "1562"]
[PlyCount "41"]
[EventDate "2012.10.12"]
[EventType "swiss"]
[EventRounds "11"]
[EventCountry "ARG"]
[SourceTitle "EXT 2013"]
[Source "ChessBase"]
[SourceDate "2012.11.22"]
[SourceVersion "1"]
[SourceVersionDate "2012.11.22"]
[SourceQuality "1"]

1. e4 e5 2. Nf3 Nc6 3. Bc4 Nf6 4. Ng5 d5 5. exd5 Nxd5 6. Nxf7 Kxf7 7. Qf3+ Ke6 8. Nc3 Nd4 9. Bxd5+ Kd7 10. Qe4 c6 11. Bb3 Bc5 12. Qg4+ Kc7 13. Qxg7+ Bd7 14. Qxe5+ Kc8 15. Qxc5 Re8+ 16. Kf1 Bf5 17. d3 b6 18. Qc4 Qe7 19. Be3 c5 20. Bxd4 Kc7 21. Nd5+ 1-0

[Event "American Continental 08th"]
[Site "Mar del Plata"]
[Date "2012.10.13"]
[Round "2"]
[White "Sperb, Eduardo Quintana"]
[Black "Nicosia, Mariano"]
[Result "1-0"]
[WhiteElo "2040"]
[BlackElo "1562"]
[PlyCount "47"]
[EventDate "2012.10.12"]
[EventType "swiss"]
[EventRounds "11"]
[EventCountry "ARG"]
[SourceTitle "EXT 2013"]
[Source "ChessBase"]
[SourceDate "2012.11.22"]
[SourceVersion "1"]
[SourceVersionDate "2012.11.22"]
[SourceQuality "1"]

1. d4 f5 2. g3 Nf6 3. Bg2 d5 4. Nh3 e6 5. 0-0 c6 6. b3 Be7 7. c4 0-0 8. Nd2 Nbd7 9. Nf4 Ne4 10. Nxe4 fxe4 11. Nxe6 Qe8 12. Nc7 Qf7 13. Nxa8 Bd6 14. cxd5 Qxd5 15. f3 exf3 16. Rxf3 Rxf3 17. Bxf3 Qf7 18. e4 Qg6 19. e5 Bb8 20. Be3 Qf7 21. Qe2 Qe6 22. Rf1 b6 23. Qc4 Qxc4 24. bxc4 1-0

[Event "IECC50-CAPA1 corr"]
[Site "IECC email"]
[Date "2001.??.??"]
[Round "1"]
[White "Nicosia, Mariano"]
[Black "Angus, George"]
[Result "0-1"]
[WhiteElo "2000"]
[BlackElo "2015"]
[PlyCount "98"]
[EventDate "2001.??.??"]
[EventType "tourn (corr)"]
[EventRounds "2"]
[SourceTitle "Corr 2008"]
[Source "ChessBase"]
[SourceDate "2008.06.24"]
[SourceVersion "1"]
[SourceVersionDate "2008.06.24"]
[SourceQuality "1"]

1. d4 Nf6 2. Nf3 g6 3. c4 Bg7 4. Nc3 0-0 5. e4 d6 6. Be2 c5 7. 0-0 cxd4 8. Nxd4 Nc6 9. Bg5 Nxd4 10. Qxd4 Be6 11. c5 Nd7 12. Qb4 Nxc5 13. Be3 a5 14. Qb5 Bd7 15. Qc4 b5 16. Qd5 b4 17. Nd1 Be6 18. Qd2 Nxe4 19. Qd3 Bf5 20. Qb3 Rc8 21. Bf3 Nc5 22. Qc4 Bd3 23. Qg4 Bxf1 24. Kxf1 Nd3 25. Rb1 Qc7 26. Be2 Qc2 27. Ra1 Bxb2 28. Nxb2 Qxb2 29. Rd1 Ne5 30. Qg5 f6 31. Qg3 Qxa2 32. Bh6 Rfe8 33. f4 Nf7 34. f5 g5 35. Bh5 Nxh6 36. Bxe8 Rxe8 37. Qh3 b3 38. Qxh6 b2 39. Qh5 Rb8 40. Qe2 b1Q 41. Rxb1 Rxb1+ 42. Kf2 Rb2 43. Qxb2 Qxb2+ 44. Kf3 a4 45. h3 a3 46. g4 a2 47. h4 a1Q 48. Ke4 Qe5+ 49. Kd3 Qac3# 0-1

[Event "CAPA 7/I/20 email"]
[Site "Argentina"]
[Date "2000.??.??"]
[Round "5"]
[White "Kalejman, Hector Miguel"]
[Black "Nicosia, Mariano"]
[Result "1-0"]
[WhiteElo "2225"]
[BlackElo "2000"]
[PlyCount "21"]
[EventDate "2000.??.??"]
[EventType "tourn (corr)"]
[EventRounds "6"]
[EventCountry "ARG"]
[SourceTitle "Corr 2002"]
[Source "ChessBase"]
[SourceDate "2002.05.23"]
[SourceVersion "1"]
[SourceVersionDate "2002.05.23"]
[SourceQuality "1"]

1. e4 e5 2. Nf3 d6 3. d4 Bg4 4. dxe5 dxe5 5. Qxd8+ Kxd8 6. Nxe5 Be6 7. Bc4 Ke8 8. Bxe6 fxe6 9. 0-0 Nf6 10. Nc3 Bd6 11. Nc4 1-0